|
|
|
|
| LEADER |
00000cam a2200000 a 4500 |
| 001 |
vtls008327897 |
| 003 |
SK-MaSNL |
| 005 |
20260302093211.0 |
| 008 |
251124s1959 xo g 000 f slo |
| 015 |
|
|
|a SNBA1959/04-00723
|
| 035 |
|
|
|a SK01SNK19590020114
|
| 035 |
|
|
|a SKM000022577
|
| 040 |
|
|
|a SNK
|b slo
|c SNK
|e AACR2
|
| 041 |
1 |
|
|a slo
|h ger
|
| 044 |
|
|
|a xo
|c SK
|
| 080 |
|
|
|a 830-3
|2 1981
|
| 100 |
1 |
|
|a Mann, Thomas,
|d 1875-1955
|4 aut
|9 100141
|
| 240 |
1 |
4 |
|a Die Bekenntnisse des Hochstaplers Felix Krull
|l Slovensky
|
| 245 |
1 |
0 |
|a Spoveď hochštaplera Félixa Krulla
|c Thomas Mann ; [z nemeckého originálu Bekenntnisse des Hochstaplers Felix Krull ... preložila Valéria Paříková-Slotíková ; doslov napísala Nora Kocholová]
|
| 260 |
|
|
|a Bratislava
|b Slovenský spisovateľ
|c 1959
|e Ružomberok
|f Tlačiarne SNP
|
| 300 |
|
|
|a 364, [2] s.
|c 8°
|
| 490 |
1 |
|
|a Tvorba národov
|
| 500 |
|
|
|a Vysvetl.
|
| 655 |
|
7 |
|a nemecké romány
|2 SNKPH
|9 70433
|
| 655 |
|
7 |
|a umelecká literatúra
|2 SNKPH
|9 60405
|
| 700 |
1 |
|
|a Paříková-Slotíková, Valéria
|4 trl
|9 449554
|
| 700 |
1 |
|
|a Krausová, Nora,
|d 1920-2009
|4 aui
|9 103843
|
| 830 |
|
0 |
|a Tvorba národov
|9 280344
|
| 919 |
|
|
|a brož.
|
| 919 |
|
|
|a viaz.
|
| 958 |
|
|
|a OND
|
| 958 |
|
|
|a TL
|
| 958 |
|
|
|a LX
|
| 958 |
|
|
|a DE
|
| 958 |
|
|
|a UP
|
| 958 |
|
|
|a RK
|
| 999 |
|
|
|c 1207913
|d 1209843
|
| 952 |
|
|
|a SNK
|b SNK
|y PREZ
|7 0
|p 17A0616145
|o snkSD 17183
|i snkKSP 1671/59
|0 0
|1 0
|4 0
|d 2009-04-15
|l 0
|r 2025-12-01 00:00:00
|w 2026-02-24
|
| 952 |
|
|
|a SNK
|b SNK
|y VYP
|7 0
|o snkSD 17183 D1
|0 0
|1 0
|4 0
|d 2018-10-25
|l 0
|r 2026-02-24 23:03:25
|w 2026-02-24
|